Who said this or might say this Quiz Stats

 Plays Quiz not verified by Sporcle

Challenge
Share
Tweet
Embed
Score 0/40 Timer 05:00
0 Plays Today
Quote % Correct
Get a wambulance on peachtreeDemar
86.4%
Who likes weiner, steve likes weiner.demar
81.8%
Yummy, I love to eat wings suds and spuds.Steve
68.2%
Well polish my nuts and give me a milkshakeSteve
68.2%
Monkey, are you going to read demar a lullabyGing
63.6%
I have heard myself talk beforeGing
63.6%
I'm going to get me some pu-tangSteve
63.6%
If you are not black, you are whiteGing
63.6%
Mr. Official!Eli
59.1%
Dadada dadada dada. 'lotr'Monkey
59.1%
I hate black peopleRob
59.1%
I am transferring from RMU because the parties suckSully
59.1%
Ginger You are a worthless cod4 teamate. What I say goesZach
59.1%
I am sick to my stomach right nowBag
54.5%
I dont glitch in every EA sports game. My last name is lamanaFrank
54.5%
I sell my made up halo accounts for made up moneySully
54.5%
Hey demar, you got a nice a d1ckSully
54.5%
I was the best pickleball player everSully
54.5%
I have over 40 legit nukesSully
54.5%
I have clodhoppersging
54.5%
Quote % Correct
A Yellow card. Oh my god! the world is going to endtorch
54.5%
Marcus Dewarerob
54.5%
What on god's green earth were you thinking.bag
54.5%
I am feeling the a firm piece of woodTorch
54.5%
Get a wambulance up to IthacaTorch
50%
Are you gay or are you gay; pick oneMonkey
50%
I am the biggest soccer fan ever. but I have never watched a gamesteve
50%
Bonus: I am a made up roomateDre
45.5%
matusic is toosick when he is on the sceneeli
45.5%
(silence)tyler
36.4%
The capital of the country I am from is Manillag
31.8%
My last name begins with zzyra
31.8%
I am going to get my dick sucked, right meow!Steve
31.8%
You little nubTorch
31.8%
mmm, these chips are crunchy as a marshmellowging
13.6%
The stolen xbox live account(bonus)The Peace Farm
13.6%
cleo lemonrob
13.6%
shipacanoerob
13.6%
I did the problem in my head in my mindnick
13.6%
I am the halo 3 janitortorchia
13.6%

You're not logged in!

Compare scores with friends on all Sporcle quizzes.
OR
Log In

You Might Also Like...

Show Comments

Extras

Created Jan 19, 2010ReportNominate
Tags:Quote Quiz, person

Top Quizzes Today


Score Distribution

Your Account Isn't Verified!

In order to create a playlist on Sporcle, you need to verify the email address you used during registration. Go to your Sporcle Settings to finish the process.

Report this User

Report this user for behavior that violates our Community Guidelines.

Details: